सामयिकःहिन्दी निबन्ध एवं पत्र लेखन (Record no. 2008)
[ view plain ]
| 000 -LEADER | |
|---|---|
| fixed length control field | 01037 a2200205 4500 |
| 005 - DATE AND TIME OF LATEST TRANSACTION | |
| control field | 20080910121936.0 |
| 008 - FIXED-LENGTH DATA ELEMENTS--GENERAL INFORMATION | |
| fixed length control field | 080910t xxu||||| |||| 00| 0 hin d |
| 010 ## - LIBRARY OF CONGRESS CONTROL NUMBER | |
| LC control number | HIN-79434 |
| 020 ## - INTERNATIONAL STANDARD BOOK NUMBER | |
| International Standard Book Number | 817288233 |
| Terms of availability | 50.00 |
| 035 ## - SYSTEM CONTROL NUMBER | |
| System control number | HN-51780 |
| 037 ## - SOURCE OF ACQUISITION | |
| Source of stock number/acquisition | D.B.Act / pub |
| 082 ## - DEWEY DECIMAL CLASSIFICATION NUMBER | |
| Classification number | 808.84 |
| 100 ## - MAIN ENTRY--PERSONAL NAME | |
| Personal name | तिवारी, अशोक |
| 245 ## - TITLE STATEMENT | |
| Title | सामयिकःहिन्दी निबन्ध एवं पत्र लेखन |
| Statement of responsibility, etc | अशोक तिवारी |
| 260 ## - PUBLICATION, DISTRIBUTION, ETC. (IMPRINT) | |
| Place of publication, distribution, etc | आगरा |
| Name of publisher, distributor, etc | साहित्य भवन पब्लिकेशन |
| Date of publication, distribution, etc | व.अ. |
| 270 ## - ADDRESS | |
| Address | हाँस्पिटल रोड |
| City | आगरा |
| Telephone number | 0562-2851665 |
| Postal code | 282003 |
| Electronic mail address | rsvbansal@hotmail.com |
| 300 ## - PHYSICAL DESCRIPTION | |
| Extent | 210पृ |
| Dimensions | 22 सेमी (अजिल्द) |
| 942 ## - ADDED ENTRY ELEMENTS (KOHA) | |
| Institution code [OBSOLETE] | dpl |
| Koha item type | Hindi Books |
| Call number prefix | 808.84 / तिवारी |
| Source of classification or shelving scheme | Dewey Decimal Classification |
| Classification part | 808.84 |
| Call number suffix | तिवारी |
| Withdrawn status | Lost status | Damaged status | Not for loan | Home library | Current library | Date acquired | Cost, normal purchase price | Total Checkouts | Full call number | Barcode | Date last seen | Copy number | Uniform Resource Identifier | Cost, replacement price | Price effective from | Koha item type |
|---|---|---|---|---|---|---|---|---|---|---|---|---|---|---|---|---|
| Diz Area | D.B.Act.Division | 10/09/2008 | 50.00 | 808.84 तिवारी | HN-51780 | 15/09/2008 | 1 | 2122 | 50.00 | 15/09/2008 | Hindi Books |
